00903cam a22002171 4500001001300000003000400013005001700017008004100034010001700075035002000092040004300112042001200155050002300167100002600190245012100216260009200337300004200429490010100471500008700572650002600659gs 26000152 DLC20260227111330.0871210s1925 ag bf 000 0 spa c ags 26000152  a(OCoLC)17215181 aU.S. Geol. survey. LibrarycTxDaMdDLC apremarc00aQE231b.A35 no. 121 aBeder, Robert,d1885-10aInforme sobre un yacimiento de mineral de hierro en la Sierra de Paganzo, Provincia de la Rioja,cpor Roberto Beder. aBuenos Aires,bTalleres gráficos del Ministerio de agricultura de la nación,c1925. a9 p.bIV pl. (incl. col. map)c27 cm.0 aArgentine republic. Dirección general de minas, geología e hidrologia. Publicaciónvno. 12 aAt head of title: República Argentina. Ministerio de agricultura de la nación. 0aIron oreszArgentina.